Biggest First-Level Subdivisions by Area - Statistics

General Stats
  • This quiz has been taken 27,084 times
    26,628 since last reset
  • The average score is 32 of 85
Answers on the Map
Answers color-coded by a green-red scale on the quiz's map according to % correct below.
 
Answer Stats
Country km² Subdivision mi² % Correct
United States 677 k Texas 261 k
95%
United States 403 k California 156 k
94%
United States 1478 k Alaska 571 k
92%
United States 284 k Nevada 110 k
91%
United States 314 k New Mexico 121 k
91%
United States 294 k Arizona 114 k
89%
Denmark 2166 k Greenland 837 k
88%
United States 377 k Montana 146 k
87%
Sudan 349 k Northern 135 k
87%
United States 268 k Colorado 104 k
86%
Canada 1542 k Quebec 596 k
86%
United States 253 k Wyoming 97 k
84%
Canada 1076 k Ontario 416 k
82%
Canada 405 k Newfoundland and Labrador 157 k
79%
Canada 945 k British Columbia 365 k
78%
Canada 662 k Alberta 256 k
77%
Australia 1852 k Queensland 715 k
77%
Australia 810 k New South Wales 313 k
73%
Australia 2643 k Western Australia 1021 k
73%
Canada 482 k Yukon 186 k
71%
Canada 651 k Saskatchewan 251 k
67%
Canada 648 k Manitoba 250 k
65%
Canada 2093 k Nunavut 809 k
64%
Australia 1044 k South Australia 403 k
63%
Canada 1346 k Northwest Territories 520 k
62%
China 1228 k Tibet 474 k
61%
Australia 1420 k Northern Territory 548 k
60%
China 1183 k Inner Mongolia 457 k
53%
Saudi Arabia 673 k Eastern 260 k
48%
Kazakhstan 283 k East Kazakhstan 109 k
48%
Russia 472 k Kamchatka 182 k
44%
China 1660 k Xinjiang Uyghur 641 k
42%
Brazil 1559 k Amazonas 602 k
41%
Argentina 308 k Buenos Aires 119 k
38%
Indonesia 319 k Papua 123 k
37%
Russia 768 k Irkutsk 297 k
28%
Russia 3103 k Sakha 1199 k
26%
China 485 k Sichuan 187 k
26%
Brazil 903 k Mato Grosso 349 k
24%
Brazil 1246 k Pará 481 k
24%
Saudi Arabia 404 k Riyadh 156 k
23%
China 394 k Yunnan 152 k
23%
Brazil 565 k Bahia 218 k
21%
Pakistan 347 k Balochistan 134 k
21%
India 342 k Rajasthan 132 k
21%
Brazil 587 k Minas Gerais 227 k
20%
Brazil 282 k Rio Grande do Sul 109 k
20%
Russia 587 k Arkhangelsk 227 k
19%
Russia 2340 k Krasnoyarsk 904 k
19%
Brazil 357 k Mato Grosso do Sul 138 k
18%
China 454 k Gansu 175 k
17%
India 308 k Maharashtra 119 k
17%
Ethiopia 279 k Somali 108 k
17%
Brazil 340 k Goiás 131 k
16%
Russia 461 k Magadan 178 k
16%
South Africa 373 k Northern Cape 144 k
16%
China 721 k Qinghai 279 k
16%
Russia 364 k Amur 140 k
15%
China 454 k Heilongjiang 175 k
15%
India 308 k Madhya Pradesh 119 k
15%
Russia 738 k Chukotka 285 k
14%
Russia 416 k Komi 161 k
14%
Brazil 278 k Tocantins 107 k
14%
Brazil 330 k Maranhão 127 k
13%
Brazil 252 k Piauí 97 k
13%
Russia 351 k Buryatia 136 k
12%
Russia 789 k Khabarovsk 305 k
12%
Bolivia 371 k Santa Cruz 143 k
11%
Russia 317 k Tomsk 122 k
11%
Russia 750 k Yamalo-Nenets 290 k
11%
Russia 523 k Khanty–Mansi 202 k
10%
Ethiopia 285 k Oromia 110 k
9%
Russia 432 k Zabaykalsky 167 k
8%
Niger 668 k Agadez 258 k
7%
Peru 369 k Loreto 142 k
7%
Egypt 440 k New Valley 170 k
7%
Sudan 296 k North Darfur 114 k
7%
Kazakhstan 301 k Aktobe 116 k
6%
Kazakhstan 428 k Karaganda 165 k
6%
Algeria 337 k Tamanrasset 130 k
6%
Algeria 254 k Adrar 98 k
4%
Libya 434 k Kufra 167 k
4%
Libya 356 k Murzuq 138 k
3%
Mali 323 k Taoudénit 192 k
3%
Mauritania 253 k Tiris Zemmour 98 k
2%
No matching quizzes found
Score Distribution
Percent of People with Each Score
Percentile by Number Answered
Your Score History
You have not taken this quiz since the last reset